000 00476nam a22001577a 4500
003 OSt
008 260417b |||||||| |||| 00| 0 eng d
082 _a581.2326
_bG96F
100 _aGupta, Sanjay Kumar
245 _aStudies on Leaf Blight Disease of Arvi Colocasia esculenta (Linn.) Schott. Caused by Phytophthora Colocasiae Racib.
260 _aPusa, Samastipur
_bRAU, Pusa
_c2001
300 _a53P.
502 _bMsc.
_d2001
650 _aPlant Pathology
942 _2ddc
_cT
999 _c50089
_d50089